LEADER 01107nam0 22002891i 450 001 UON00129165 005 20231205102749.70 010 $a27-363-0005-x 100 $a20020107d1986 |0itac50 ba 101 $afre 102 $aFR 105 $a|||| 1|||| 200 1 $aCorsica classica$ela Corse dans les textes antiques du VIIe siecle avant J. C. au Xe siecle de notre ere$fOlivier Jehasse 205 $a2e edition 210 $a[S.l.]$cLa Marge$d1989 215 $a186 p., 1 c. geogr.$d24 cm 606 $aLINGUE ITALICHE ANTICHE$xCorso$3UONC030771$2FI 606 $aCORSICA$xEtà classica$3UONC030772$2FI 676 $a479$cLingue italiche antiche$v21 700 1$aJEHASSE$bOlivier$3UONV079485$0668160 712 $aLa Marge$3UONV262613$4650 801 $aIT$bSOL$c20240220$gRICA 899 $aSIBA - SISTEMA BIBLIOTECARIO DI ATENEO$2UONSI 912 $aUON00129165 950 $aSIBA - SISTEMA BIBLIOTECARIO DI ATENEO$dSI GLOTT B 11 III 043 $eSI MC 11424 5 043 996 $aCorsica classica$91319415 997 $aUNIOR LEADER 00942nam2 2200289 i 450 001 TO00556586 005 20251003044406.0 020 $aIT$b98-3977 100 $a20130827d1997 ||||0itac50 ba 101 | $aita 102 $ait 181 1$6z01$ai $bxxxe 182 1$6z01$an 183 1$6z01$anc$2RDAcarrier 200 0 $a1 210 $aMilano$cGiuffrè$d1997 215 $a511 p.$d24 cm. 461 1$1001TO00556585$12001 $aScritti di Floriano d'Alessandro$v1 606 $aSocieta (diritto e economia)$2FIR$3LO1C900709$9I 676 $a346.45066$9DIRITTO DELLE SOCIETA. ITALIA$v22 801 3$aIT$bIT-000000$c20130827 850 $aIT-BN0095 912 $aTO00556586 950 2$aBiblioteca Centralizzata di Ateneo$cv. 1$d 01D (AR) 21 888$e 01AR 0700218885 VMA A4(0001 v. 1$fY $h19971021$i20181107 977 $a 01 996 $a1$961339 997 $aUNISANNIO